000 00324nam a2200133Ia 4500
008 210312s9999||||xx |||||||||||||| ||und||
041 _aosm
050 _aDR571
050 _bM43
100 _aMehmed Memduh Paşa
245 0 _aKuvvet-i ikbal-Alâmet-i zeval
260 _c1923
650 _aTarih--Türkiye--Osmanlı Devleti
999 _c21950
_d21950